Beyond appearances? : visual practices and ideologies and modern India (Record no. 40550)

MARC details
000 -LEADER
fixed length control field 00929nam a2200313Ia 4500
003 - CONTROL NUMBER IDENTIFIER
control field OSt
005 - DATE AND TIME OF LATEST TRANSACTION
control field 20220912150138.0
008 - FIXED-LENGTH DATA ELEMENTS--GENERAL INFORMATION
fixed length control field 220909b |||||||| |||| 00| 0 eng d
020 ## - INTERNATIONAL STANDARD BOOK NUMBER
International Standard Book Number 0761997563
037 ## - SOURCE OF ACQUISITION
Terms of availability Textual
040 ## - CATALOGING SOURCE
Original cataloging agency CSL
Language of cataloging eng
Transcribing agency CSL
041 ## - LANGUAGE CODE
Language code of text/sound track or separate title eng
100 ## - MAIN ENTRY--PERSONAL NAME
Personal name Ramaswamy Sumathi Ed.
245 #0 - TITLE STATEMENT
Title Beyond appearances? : visual practices and ideologies and modern India
260 ## - PUBLICATION, DISTRIBUTION, ETC.
Place of publication, distribution, etc. New Delhi
Name of publisher, distributor, etc. SAGE Publication India
Date of publication, distribution, etc. 2003
300 ## - PHYSICAL DESCRIPTION
Extent xxix, 412p.
Dimensions cm.
490 ## - SERIES STATEMENT
Series statement Contributions to Indian sociology occasional studies; 10
500 ## - GENERAL NOTE
General note Including bibliographical references; Index 401-412p.
-- cm.
650 ## - SUBJECT ADDED ENTRY--TOPICAL TERM
Topical term or geographic name entry element Anthropology
650 ## - SUBJECT ADDED ENTRY--TOPICAL TERM
Topical term or geographic name entry element Arts
650 ## - SUBJECT ADDED ENTRY--TOPICAL TERM
Topical term or geographic name entry element Modern India
650 ## - SUBJECT ADDED ENTRY--TOPICAL TERM
Topical term or geographic name entry element Fine arts
942 ## - ADDED ENTRY ELEMENTS (KOHA)
Classification part Y0aN, P3
Koha item type Textual
Source of classification or shelving scheme Colon Classification (CC)
Holdings
Withdrawn status Lost status Damaged status Not for loan Home library Current library Date acquired Total Checkouts Full call number Barcode Date last seen Price effective from Koha item type
        Central Science Library Central Science Library 2022-09-12   Y0aN P3 SL1288714 2022-09-12 2022-09-12 Textual
Copyright @ Delhi University Library System